000 00860aab a2200217 4500
001 768714001
003 CO-MdFUSB
005 20240614171804.0
008 170524s2001 cr ||||| |||| 00| 0 spa d
022 _a1409-1968
040 _aCO-MdFUSB
_bspa
_cCO-MdFUSB
_dCO-MdFUSB
041 _aspa
100 1 _aRamírez de Aguilar, Elsa
_eautor
245 1 3 _aLa proyeccion del ministerio femenil a la mujer
_c/ Elsa Ramírez de Aguilar
300 _aVolumen 18. Número 3 (2001), páginas 58-64
_c: 27 cm.
520 _aEl ministerio femenil a la mujer debe proyectarse a una visión en específica: que toda mujer cristiana alcance la estatura de Cristo.
650 0 _aMujeres
_xAspectos religiosos
_xCristianismo
_9326
773 0 _tApuntes Pastorales
_049442
_960161
_gVolumen 18. Número 3 (2001), páginas 58-64
_qPágina 58
942 _cANA
945 _aJTF-925
999 _c60210
_d60210